[Event "COL pre olympic (Women) sf2"]
[Site "Cartagena"]
[Date "2016.05.07"]
[Round "4"]
[White "Villa, Olivia Rosalba"]
[Black "Zapata, Olga Maria"]
[Result "1-0"]
[WhiteElo "1948"]
[BlackElo "1764"]
[PlyCount "93"]
[EventDate "2016.05.04"]
[EventType "swiss"]
[EventRounds "7"]
[EventCountry "COL"]
[SourceTitle "EXT 2018"]
[Source "ChessBase"]
[SourceDate "2017.10.13"]
[SourceVersion "1"]
[SourceVersionDate "2017.10.13"]
[SourceQuality "1"]

1. d4 d5 2. e3 Bf5 3. Nf3 Nf6 4. Bd3 Bg6 5. Ne5 Bxd3 6. Qxd3 Nbd7 7. 0-0 e6 8. Nd2 Bd6 9. f4 0-0 10. e4 dxe4 11. Nxe4 Nxe4 12. Qxe4 c6 13. f5 Nf6 14. Qh4 Nd5 15. Qg4 Nf6 16. Qh4 Nd7 17. Qe1 exf5 18. Bf4 Re8 19. Qc3 Nf6 20. Qb3 Re7 21. Rad1 Nd5 22. Bg3 Qb6 23. Rd3 Rae8 24. c4 Qxb3 25. Rxb3 Bxe5 26. Bxe5 Nb6 27. Rg3 g6 28. b3 Nd7 29. Bf4 Re4 30. Rd3 Nf6 31. h3 Re2 32. Rf2 R2e4 33. Bg5 Re1+ 34. Rf1 Rxf1+ 35. Kxf1 Ne4 36. Bh6 f6 37. d5 Rd8 38. dxc6 Rxd3 39. cxb7 Rd8 40. Bf4 Nc5 41. b8Q Rxb8 42. Bxb8 a6 43. b4 Nd7 44. Bd6 Kf7 45. Ke2 Ke6 46. c5 Kd5 47. Kd3 1-0

[Event "Pan American Amateur-ch"]
[Site "San Andres Islas"]
[Date "2014.08.27"]
[Round "3"]
[White "Dabraccio, Guillermo"]
[Black "Villa, Olivia Rosalba"]
[Result "0-1"]
[WhiteElo "1766"]
[BlackElo "1972"]
[PlyCount "93"]
[EventDate "2014.08.26"]
[EventType "swiss"]
[EventRounds "9"]
[EventCountry "COL"]
[SourceTitle "EXT 2016"]
[Source "ChessBase"]
[SourceDate "2015.10.08"]
[SourceVersion "1"]
[SourceVersionDate "2015.10.08"]
[SourceQuality "1"]

1. d4 Nf6 2. Nf3 g6 3. Bg5 Bg7 4. Nbd2 d6 5. e4 Nbd7 6. Be2 0-0 7. h3 c5 8. c3 a6 9. a4 cxd4 10. cxd4 b6 11. 0-0 Bb7 12. Bd3 h6 13. Bf4 Nh5 14. Bh2 e5 15. dxe5 dxe5 16. Rc1 Nc5 17. Bb1 Nf4 18. Rc3 Qd7 19. b4 Nxa4 20. Ra3 b5 21. Re1 Rac8 22. Ree3 Nb2 23. Qf1 Nc4 24. Nxc4 Rxc4 25. Bxf4 exf4 26. Reb3 Rfc8 27. Kh2 Qe7 28. Qe1 Bxe4 29. Rxa6 Qb7 30. Raa3 Bxb1 31. Rxb1 Bc3 32. Qf1 Bxb4 33. Rab3 Qe7 34. R1b2 Bc3 35. Re2 Qc5 36. Qd1 b4 37. Qd3 g5 38. Qd7 Bf6 39. Rd3 Qc6 40. Ne5 Bxe5 41. Qxc6 R8xc6 42. Rxe5 Re6 43. Rb5 Rc2 44. Rf3 Ree2 45. Rxb4 Rxf2 46. Rxf2 Rxf2 47. Kg1 0-1

[Event "COL-ch (Women)"]
[Site "San Andres Islas"]
[Date "2008.12.03"]
[Round "5"]
[White "Franco Valencia, Angela Maria"]
[Black "Villa, Olivia Rosalba"]
[Result "1/2-1/2"]
[WhiteElo "2098"]
[BlackElo "1990"]
[PlyCount "112"]
[EventDate "2008.12.01"]
[EventType "swiss"]
[EventRounds "9"]
[EventCountry "COL"]
[SourceTitle "CBM 127 Extra"]
[Source "ChessBase"]
[SourceDate "2009.01.08"]
[SourceVersion "2"]
[SourceVersionDate "2009.01.28"]
[SourceQuality "1"]

1. e4 c5 2. Nf3 e6 3. d4 cxd4 4. Nxd4 a6 5. Be2 Nc6 6. Nc3 Qc7 7. a4 Nf6 8. 0-0 Be7 9. Kh1 0-0 10. Be3 d6 11. f4 Bd7 12. Bf3 Na5 13. g4 Rac8 14. Qe1 Nc4 15. g5 Ne8 16. Bc1 Qb6 17. Nde2 Nc7 18. b3 Na5 19. Ng3 f6 20. Be3 Qb4 21. Bd2 Qb6 22. Na2 Nc6 23. Be3 Qa5 24. b4 Qxa4 25. c4 Qb3 26. Qd2 e5 27. Be2 Nd4 28. Bxd4 exd4 29. Qxd4 fxg5 30. Bd1 Ne6 31. Qd5 Qxc4 32. Qxc4 Rxc4 33. Bb3 gxf4 34. Nf5 Rxe4 35. Nxe7+ Kf7 36. Nf5 Kf6 37. Nxd6 Rd4 38. Rfd1 Rxd1+ 39. Rxd1 Bc6+ 40. Bd5 Bxd5+ 41. Rxd5 g6 42. Nc3 Ke7 43. Nce4 h6 44. Re5 Kd7 45. Nxb7 g5 46. Nbc5+ Nxc5 47. Nxc5+ Kc6 48. Nxa6 Rf6 49. Nc5 f3 50. Kg1 Rf4 51. b5+ Kd6 52. Nd3 Rd4 53. Re3 g4 54. Kf2 Rc4 55. Ne1 Rb4 56. Kg3 Rxb5 1/2-1/2

[Event "Cali Olimpiad sf-B (Women)"]
[Site "Cali"]
[Date "2008.09.04"]
[Round "3.1"]
[White "Villa, Olivia Rosalba"]
[Black "Franco Valencia, Beatriz Irene"]
[Result "0-1"]
[WhiteElo "2015"]
[BlackElo "2077"]
[PlyCount "58"]
[EventDate "2008.09.03"]
[EventType "tourn"]
[EventRounds "7"]
[EventCountry "COL"]
[SourceTitle "EXT 2024"]
[Source "ChessBase"]
[SourceDate "2023.10.10"]
[SourceVersion "1"]
[SourceVersionDate "2023.10.10"]
[SourceQuality "1"]

1. d4 Nf6 2. Nf3 e6 3. Bg5 d5 4. e3 c5 5. Nbd2 Be7 6. c3 Nbd7 7. Bd3 b6 8. e4 dxe4 9. Nxe4 0-0 10. 0-0 cxd4 11. Nxd4 Bb7 12. Bxf6 Nxf6 13. Qe2 Nd5 14. f4 Bf6 15. Nb5 Bc6 16. Nbd6 Be7 17. Nc4 Qc7 18. Qh5 g6 19. Qh6 f6 20. Rf3 Rf7 21. Re1 b5 22. Ncd2 Re8 23. Nb3 Bd7 24. Nd4 a6 25. Qh4 e5 26. fxe5 fxe5 27. Qg3 exd4 28. Qxc7 Nxc7 29. Rxf7 Kxf7 0-1

[Event "Medellin Feria de las Flores op"]
[Site "Medellin"]
[Date "2008.08.06"]
[Round "3.33"]
[White "Villa, Olivia Rosalba"]
[Black "Martinez Paipa, Hernan"]
[Result "1-0"]
[WhiteElo "2015"]
[BlackElo "1967"]
[PlyCount "63"]
[EventDate "2008.08.06"]
[EventType "swiss"]
[EventRounds "9"]
[EventCountry "COL"]
[SourceTitle "EXT 2024"]
[Source "ChessBase"]
[SourceDate "2023.10.10"]
[SourceVersion "1"]
[SourceVersionDate "2023.10.10"]
[SourceQuality "1"]

1. d4 Nf6 2. Nf3 g6 3. Bg5 Bg7 4. Nbd2 0-0 5. e3 b6 6. Be2 Bb7 7. 0-0 d6 8. c4 Nbd7 9. Qc2 c5 10. d5 e6 11. e4 Re8 12. Bd3 Qc7 13. Ne1 Ne5 14. f4 Nxd3 15. Qxd3 exd5 16. cxd5 Nd7 17. Qc2 Ba6 18. Rf3 h6 19. Bh4 Kh8 20. Nd3 Rac8 21. Re1 Bb7 22. f5 g5 23. Bg3 c4 24. Nf2 Ne5 25. Bxe5 Bxe5 26. Ng4 Bd4+ 27. Kh1 Bxd5 28. Nxh6 c3 29. bxc3 Qe7 30. Ng4 Bf6 31. Rh3+ Kg7 32. Rh6 1-0

[Event "Pan American-ch U18 Girls 17th"]
[Site "Villa Carlos Paz"]
[Date "2008.07.03"]
[Round "5"]
[White "Guarin, Daniela"]
[Black "Villa, Olivia Rosalba"]
[Result "1-0"]
[WhiteElo "1958"]
[BlackElo "2015"]
[PlyCount "75"]
[EventDate "2008.06.30"]
[EventType "swiss"]
[EventRounds "9"]
[EventCountry "ARG"]
[SourceTitle "EXT 2022"]
[Source "ChessBase"]
[SourceDate "2021.10.06"]
[SourceVersion "1"]
[SourceVersionDate "2021.10.06"]
[SourceQuality "1"]

1. e4 c5 2. Nf3 e6 3. d3 Nc6 4. g3 d5 5. Nbd2 Nf6 6. Bg2 Be7 7. 0-0 dxe4 8. Nxe4 0-0 9. Be3 Nd4 10. c3 Nxf3+ 11. Bxf3 Qc7 12. d4 cxd4 13. Bxd4 e5 14. Be3 Nxe4 15. Bxe4 Be6 16. Bg2 Rad8 17. Qc2 f5 18. Rfe1 f4 19. Bxf4 exf4 20. Rxe6 fxg3 21. fxg3 Bc5+ 22. Kh1 Rf2 23. Qb3 Qf7 24. Rae1 Rdd2 25. Re8+ Bf8 26. Rf1 Qxb3 27. axb3 Kf7 28. Rxf2+ Rxf2 29. Rb8 Kg6 30. Rxb7 Bc5 31. b4 Be3 32. c4 Rxb2 33. Be4+ Kh6 34. c5 a5 35. c6 Ra2 36. c7 Ra1+ 37. Kg2 Rc1 38. Bf5 1-0

[Event "COL-ch U18 Girls"]
[Site "Bogota"]
[Date "2008.01.27"]
[Round "7"]
[White "Aguilar, Natalia Andrea"]
[Black "Villa, Olivia Rosalba"]
[Result "1/2-1/2"]
[WhiteElo "1966"]
[BlackElo "2024"]
[PlyCount "53"]
[EventDate "2008.01.24"]
[EventType "swiss"]
[EventRounds "7"]
[EventCountry "COL"]
[SourceTitle "EXT 2010"]
[Source "ChessBase"]
[SourceDate "2010.11.25"]
[SourceVersion "1"]
[SourceVersionDate "2010.11.25"]
[SourceQuality "1"]

1. d4 Nf6 2. Nf3 g6 3. c4 Bg7 4. Nc3 0-0 5. e4 d6 6. Be2 Nbd7 7. b4 c5 8. Rb1 e6 9. 0-0 cxd4 10. Nxd4 d5 11. exd5 exd5 12. c5 Ne5 13. Bf4 Nc6 14. Ncb5 Ne4 15. Rb3 Nxd4 16. Nxd4 b6 17. f3 bxc5 18. Nc6 Qf6 19. fxe4 Qxc6 20. exd5 Qb6 21. bxc5 Qxc5+ 22. Kh1 Bf5 23. Bf3 Rac8 24. Qe2 Rfe8 25. Qa6 Qd4 26. Bg3 Rc2 27. Rd1 1/2-1/2

[Event "COL-ch U18 Girls"]
[Site "Bogota"]
[Date "2008.01.25"]
[Round "3"]
[White "Chirivi Castiblanco, Jenny Astrid"]
[Black "Villa, Olivia Rosalba"]
[Result "1-0"]
[WhiteElo "2168"]
[BlackElo "2024"]
[PlyCount "39"]
[EventDate "2008.01.24"]
[EventType "swiss"]
[EventRounds "7"]
[EventCountry "COL"]
[SourceTitle "EXT 2010"]
[Source "ChessBase"]
[SourceDate "2010.11.25"]
[SourceVersion "1"]
[SourceVersionDate "2010.11.25"]
[SourceQuality "1"]

1. d4 d5 2. c4 e6 3. Nc3 Nf6 4. Bg5 Be7 5. cxd5 exd5 6. e3 0-0 7. Bd3 c6 8. Qc2 h6 9. Bh4 Na6 10. Bxa6 bxa6 11. Nf3 Be6 12. 0-0 Rb8 13. Ne5 Qc8 14. Na4 Bd7 15. Rac1 c5 16. Nxd7 Qxd7 17. Nxc5 Bxc5 18. dxc5 g5 19. Bg3 Rb4 20. Qc3 1-0

[Event "Wch U16 Girls"]
[Site "Kemer"]
[Date "2007.11.28"]
[Round "11"]
[White "Motycakova, Monika"]
[Black "Villa, Olivia Rosalba"]
[Result "0-1"]
[WhiteElo "1883"]
[BlackElo "1997"]
[PlyCount "75"]
[EventDate "2007.11.18"]
[EventType "swiss"]
[EventRounds "11"]
[EventCountry "TUR"]
[SourceTitle "CBM 121 Extra"]
[Source "ChessBase"]
[SourceDate "2008.01.10"]
[SourceVersion "1"]
[SourceVersionDate "2008.01.10"]
[SourceQuality "1"]

1. e4 d5 2. exd5 Nf6 3. Nf3 Nxd5 4. d4 Bg4 5. Be2 e6 6. Ne5 Bxe2 7. Qxe2 Be7 8. Qb5+ Nd7 9. Qxb7 Nxe5 10. dxe5 0-0 11. 0-0 Bc5 12. Nd2 Qe7 13. Nb3 Bb6 14. a3 Qh4 15. Qa6 Nf4 16. Bxf4 Qxf4 17. Qe2 a5 18. Rad1 Rad8 19. Nc1 Rd4 20. Rxd4 Qxd4 21. c3 Qa4 22. Rd1 h6 23. Rd3 c5 24. Qd2 c4 25. Rd7 Qb5 26. Ne2 Qxe5 27. Nd4 Qe4 28. h3 e5 29. Nf3 Qb1+ 30. Kh2 Qf1 31. Nxe5 Bxf2 32. Nf3 Ba7 33. Rxa7 Qb1 34. Rxa5 Rb8 35. Rc5 Rxb2 36. Qd8+ Kh7 37. Rxc4 Qf1 38. Rf4 0-1

[Event "Wch U16 Girls"]
[Site "Kemer"]
[Date "2007.11.24"]
[Round "7"]
[White "Sukandar, Irine Kharisma"]
[Black "Villa, Olivia Rosalba"]
[Result "1-0"]
[WhiteElo "2275"]
[BlackElo "1997"]
[PlyCount "55"]
[EventDate "2007.11.18"]
[EventType "swiss"]
[EventRounds "11"]
[EventCountry "TUR"]
[SourceTitle "CBM 121 Extra"]
[Source "ChessBase"]
[SourceDate "2008.01.10"]
[SourceVersion "1"]
[SourceVersionDate "2008.01.10"]
[SourceQuality "1"]

1. e4 Nf6 2. e5 Nd5 3. d4 d6 4. Nf3 g6 5. Bc4 Nb6 6. Bb3 Bg7 7. Ng5 0-0 8. e6 d5 9. exf7+ Kh8 10. h4 h5 11. Bf4 Nc6 12. c3 e5 13. dxe5 Bxe5 14. Bxe5+ Nxe5 15. Qd4 Qf6 16. 0-0 c6 17. Re1 Ng4 18. Bc2 Qxd4 19. cxd4 Kg7 20. Nd2 Nh6 21. Re7 Kf6 22. Rae1 Kg7 23. b3 Bf5 24. Bxf5 Nxf5 25. Rxb7 Nxd4 26. Ndf3 Nxf3+ 27. gxf3 Kf6 28. Nh7+ 1-0

[Event "Wch U16 Girls"]
[Site "Kemer"]
[Date "2007.11.20"]
[Round "3"]
[White "Chan, Wei Qi Sarah"]
[Black "Villa, Olivia Rosalba"]
[Result "0-1"]
[WhiteElo "1627"]
[BlackElo "1997"]
[PlyCount "52"]
[EventDate "2007.11.18"]
[EventType "swiss"]
[EventRounds "11"]
[EventCountry "TUR"]
[SourceTitle "CBM 121 Extra"]
[Source "ChessBase"]
[SourceDate "2008.01.10"]
[SourceVersion "1"]
[SourceVersionDate "2008.01.10"]
[SourceQuality "1"]

1. e4 Nf6 2. e5 Nd5 3. d4 d6 4. c4 Nb6 5. exd6 cxd6 6. Be3 g6 7. d5 Bg7 8. Bd4 0-0 9. Bxg7 Kxg7 10. Qd4+ Kg8 11. h4 e5 12. dxe6 fxe6 13. Nc3 Nc6 14. Qd2 Ne5 15. b3 Qf6 16. f3 a5 17. 0-0-0 a4 18. Ne4 Qg7 19. Qd4 axb3 20. axb3 d5 21. Nd6 dxc4 22. Nxc4 Nbxc4 23. bxc4 Qc7 24. Rd2 Ra4 25. Rc2 Qa5 26. Kb1 Rd8 0-1

[Event "American Continental 04th"]
[Site "Cali"]
[Date "2007.07.15"]
[Round "6"]
[White "Mesias Rojas, Rabindranath"]
[Black "Villa, Olivia Rosalba"]
[Result "1-0"]
[WhiteElo "2232"]
[BlackElo "1968"]
[PlyCount "61"]
[EventDate "2007.07.10"]
[EventType "swiss"]
[EventRounds "11"]
[EventCountry "COL"]
[SourceTitle "CBM 119 Extra"]
[Source "ChessBase"]
[SourceDate "2007.09.04"]
[SourceVersion "1"]
[SourceVersionDate "2007.09.04"]
[SourceQuality "1"]

1. f4 d5 2. Nf3 c5 3. e3 e6 4. b3 Nf6 5. Bb2 Be7 6. Be2 0-0 7. 0-0 Nc6 8. Bb5 Qc7 9. Bxc6 bxc6 10. Ne5 Ba6 11. Rf3 Rad8 12. Rg3 d4 13. Qf3 Bb7 14. d3 Nd5 15. exd4 cxd4 16. Bxd4 f6 17. Qg4 Bd6 18. Qxe6+ Rf7 19. Nxf7 Qxf7 20. Qxf7+ Kxf7 21. Bxa7 Nxf4 22. Nc3 Bb4 23. Ne4 Ne2+ 24. Kf2 Nxg3 25. hxg3 h6 26. Bc5 Bxc5+ 27. Nxc5 Bc8 28. a4 Rd5 29. b4 Bg4 30. a5 Rf5+ 31. Kg1 1-0

[Event "American Continental 04th"]
[Site "Cali"]
[Date "2007.07.11"]
[Round "2"]
[White "Remicio Duque, John H"]
[Black "Villa, Olivia Rosalba"]
[Result "0-1"]
[WhiteElo "2189"]
[BlackElo "1968"]
[PlyCount "80"]
[EventDate "2007.07.10"]
[EventType "swiss"]
[EventRounds "11"]
[EventCountry "COL"]
[SourceTitle "CBM 119 Extra"]
[Source "ChessBase"]
[SourceDate "2007.09.04"]
[SourceVersion "1"]
[SourceVersionDate "2007.09.04"]
[SourceQuality "1"]

1. e4 Nf6 2. e5 Nd5 3. d4 d6 4. Nf3 g6 5. Bc4 Nb6 6. Bb3 Bg7 7. 0-0 0-0 8. Bg5 Nc6 9. exd6 cxd6 10. Re1 Qc7 11. c3 e5 12. Na3 a6 13. h3 Na5 14. Qd2 Nxb3 15. axb3 f5 16. dxe5 dxe5 17. Rad1 e4 18. Bf4 Qf7 19. Ne5 Qxb3 20. Nac4 Be6 21. Nxb6 Qxb6 22. Nd7 Bxd7 23. Qxd7 Qxb2 24. Qe6+ Kh8 25. Be5 Rae8 26. Bxg7+ Kxg7 27. Rd7+ Kh8 28. Qc4 Qb6 29. Red1 e3 30. fxe3 Rxe3 31. Kh1 Rfe8 32. Qd4+ Qxd4 33. R1xd4 R8e7 34. c4 Kg7 35. c5 Kf6 36. R4d6+ R3e6 37. Rd5 Rxd7 38. Rxd7 Re7 39. Rd2 Rc7 40. Kg1 Ke6 0-1

[Event "Pan American-ch U16 Girls"]
[Site "Medellin"]
[Date "2007.07.05"]
[Round "7"]
[White "Aliaga Fernandez, Ingrid Yadira"]
[Black "Villa, Olivia Rosalba"]
[Result "1/2-1/2"]
[WhiteElo "2065"]
[BlackElo "1968"]
[PlyCount "100"]
[EventDate "2007.07.02"]
[EventType "swiss"]
[EventRounds "9"]
[EventCountry "COL"]
[SourceTitle "EXT 2022"]
[Source "ChessBase"]
[SourceDate "2021.10.06"]
[SourceVersion "1"]
[SourceVersionDate "2021.10.06"]
[SourceQuality "1"]

1. e4 e5 2. Nf3 Nc6 3. d4 exd4 4. Nxd4 Nf6 5. Nxc6 bxc6 6. e5 Nd5 7. c4 Bb4+ 8. Bd2 Bxd2+ 9. Qxd2 Ne7 10. Bd3 0-0 11. 0-0 d5 12. Qc2 g6 13. Nc3 Be6 14. Rad1 Qc8 15. b3 Rb8 16. Qd2 Kg7 17. Qe3 dxc4 18. bxc4 Nf5 19. Qf4 h5 20. Ne4 Rd8 21. Be2 Rb4 22. Qg5 Rd4 23. Rxd4 Nxd4 24. Bxh5 Bf5 25. Ng3 Rxc4 26. Bd1 Qe6 27. Nh5+ Kf8 28. Qh6+ Ke7 29. Qg5+ Kd7 30. Nf6+ Kc8 31. Qe3 c5 32. Bf3 c6 33. Bd1 Rb4 34. Qa3 Nb5 35. Qa6+ Kb8 36. a4 Nc7 37. Qe2 c4 38. Qd2 Rb6 39. f4 Nd5 40. a5 Rb7 41. Qd4 Nxf6 42. exf6 Qd5 43. Qe3 Rd7 44. Qe8+ Rd8 45. Qe1 Qd4+ 46. Kh1 c3 47. Bf3 c2 48. a6 Kc7 49. Qa5+ Qb6 50. Qe5+ Kc8 1/2-1/2

[Event "Pan American-ch U16 Girls"]
[Site "Medellin"]
[Date "2007.07.05"]
[Round "6"]
[White "Villa, Olivia Rosalba"]
[Black "Jurich, Florencia"]
[Result "1-0"]
[WhiteElo "1968"]
[BlackElo "2100"]
[PlyCount "69"]
[EventDate "2007.07.02"]
[EventType "swiss"]
[EventRounds "9"]
[EventCountry "COL"]
[SourceTitle "EXT 2022"]
[Source "ChessBase"]
[SourceDate "2021.10.06"]
[SourceVersion "1"]
[SourceVersionDate "2021.10.06"]
[SourceQuality "1"]

1. d4 c5 2. c3 Nf6 3. e3 Qc7 4. Bd3 g6 5. Nd2 Bg7 6. Ngf3 0-0 7. 0-0 d5 8. Ne5 b6 9. f4 Bf5 10. Qf3 Bxd3 11. Nxd3 e6 12. dxc5 bxc5 13. e4 c4 14. Ne5 Nbd7 15. Nxd7 Nxd7 16. Rd1 Rfd8 17. exd5 Qc5+ 18. Kh1 exd5 19. Nf1 Nb6 20. Be3 d4 21. cxd4 Bxd4 22. Rac1 Bxe3 23. Nxe3 Re8 24. Ng4 Re6 25. Qc3 h5 26. Nf6+ Kf8 27. Nd7+ Nxd7 28. Qh8+ Ke7 29. Qxa8 Qc7 30. Qd5 Nb6 31. Qg5+ Ke8 32. f5 Re5 33. Re1 Nd5 34. fxg6 fxg6 35. Qxe5+ 1-0

[Event "COL-ch (Women)"]
[Site "Cartagena"]
[Date "2007.06.18"]
[Round "8"]
[White "Franco Valencia, Angela Maria"]
[Black "Villa, Olivia Rosalba"]
[Result "1-0"]
[WhiteElo "2124"]
[BlackElo "2002"]
[PlyCount "137"]
[EventDate "2007.06.13"]
[EventType "tourn"]
[EventRounds "13"]
[EventCountry "COL"]
[SourceTitle "CBM 119 Extra"]
[Source "ChessBase"]
[SourceDate "2007.09.04"]
[SourceVersion "1"]
[SourceVersionDate "2007.09.04"]
[SourceQuality "1"]

1. e4 Nf6 2. e5 Nd5 3. d4 d6 4. Nf3 g6 5. Bc4 Nb6 6. Bb3 Bg7 7. a4 a5 8. Qe2 d5 9. h3 0-0 10. Nc3 Na6 11. Nd1 c5 12. c3 cxd4 13. cxd4 Nb4 14. Bd2 Nc6 15. Ne3 e6 16. Ng4 Nd7 17. Bg5 Qb6 18. Qe3 Qb4+ 19. Kf1 f5 20. exf6 Nxf6 21. Bh6 Ne4 22. Kg1 Bd7 23. Kh2 Qd6+ 24. Nfe5 Nxe5 25. dxe5 Bxe5+ 26. Nxe5 Rxf2 27. Qd4 Rf5 28. g4 Rxe5 29. Bf4 Ng5 30. Bd1 Re4 31. Qxe4 Nxe4 32. Bxd6 Nxd6 33. Bb3 Ne4 34. Rhe1 Rf8 35. Re2 Rf3 36. Bc2 Ng5 37. Ra3 Rxa3 38. bxa3 Nf3+ 39. Kg3 Nd4 40. Rd2 e5 41. Bd1 Kf7 42. Rf2+ Ke7 43. h4 Ne6 44. h5 Nf4 45. hxg6 hxg6 46. Rh2 Kd6 47. Rh6 d4 48. Rh8 Bc6 49. Ra8 b6 50. Rb8 Kc5 51. Rc8 Kd6 52. Rb8 Kc5 53. Rc8 Kd6 54. Rb8 Kc7 55. Rf8 Nd3 56. Rf6 Nf4 57. Rf8 Nd5 58. Bc2 Nc3 59. Bxg6 e4 60. Kf2 e3+ 61. Ke1 Bxa4 62. Bd3 Bb5 63. Bxb5 Nxb5 64. Ke2 Nxa3 65. g5 Nc4 66. Rf4 b5 67. Rxd4 Ne5 68. Re4 Nc6 69. g6 1-0

[Event "COL-ch (Women)"]
[Site "Cartagena"]
[Date "2007.06.14"]
[Round "2"]
[White "Herrera, Milena"]
[Black "Villa, Olivia Rosalba"]
[Result "0-1"]
[WhiteElo "1949"]
[BlackElo "2002"]
[PlyCount "98"]
[EventDate "2007.06.13"]
[EventType "tourn"]
[EventRounds "13"]
[EventCountry "COL"]
[SourceTitle "CBM 119 Extra"]
[Source "ChessBase"]
[SourceDate "2007.09.04"]
[SourceVersion "1"]
[SourceVersionDate "2007.09.04"]
[SourceQuality "1"]

1. e4 e5 2. Nf3 Nc6 3. Bc4 Bc5 4. c3 Nf6 5. d3 d6 6. Nbd2 a6 7. Bb3 Ba7 8. Nc4 h6 9. Be3 0-0 10. h3 Re8 11. Bxa7 Rxa7 12. Ne3 Ne7 13. Nh4 d5 14. Bc2 c5 15. 0-0 b6 16. Qf3 d4 17. Nef5 Nxf5 18. Nxf5 Rc7 19. c4 b5 20. b3 Rb7 21. Rfb1 Bxf5 22. exf5 Rd7 23. Rd1 Qa5 24. Qe2 Rde7 25. f3 Rb8 26. cxb5 axb5 27. a4 Nd5 28. axb5 Qxb5 29. Rdc1 Ne3 30. Bd1 Nxf5 31. Qd2 Rc7 32. Ra5 Qb6 33. Qa2 Ne3 34. Bc2 Nxc2 35. Rxc2 Qxb3 36. Qxb3 Rxb3 37. Rcxc5 Rxc5 38. Rxc5 f6 39. h4 h5 40. f4 exf4 41. Rxh5 g6 42. Ra5 Rxd3 43. Ra6 Kf7 44. Kf1 Rd1+ 45. Kf2 Rh1 46. Rd6 Rxh4 47. Rxd4 g5 48. Rd5 Rg4 49. Ra5 Rg3 0-1